Tribhuvan University Central Library

Nepali in context: (Record no. 95940)

MARC details
000 -LEADER
fixed length control field 00563nam a22001937a 4500
008 - FIXED-LENGTH DATA ELEMENTS--GENERAL INFORMATION
fixed length control field 200313b xxu||||| |||| 00| 0 eng d
020 ## - INTERNATIONAL STANDARD BOOK NUMBER
International Standard Book Number 9789937106085
082 ## - DEWEY DECIMAL CLASSIFICATION NUMBER
Classification number 495.515/W344n
100 ## - MAIN ENTRY--PERSONAL NAME
Personal name Watters, Daniel P.
245 ## - TITLE STATEMENT
Title Nepali in context:
Remainder of title A topical approach to learning Nepali
250 ## - EDITION STATEMENT
Edition statement 4th ed.
260 ## - PUBLICATION, DISTRIBUTION, ETC.
Place of publication, distribution, etc. Kathmandu:
Name of publisher, distributor, etc. Ekta Books Distributors,
Date of publication, distribution, etc. 2018.
300 ## - PHYSICAL DESCRIPTION
Extent xvii,489p.
Other physical details illus
504 ## - BIBLIOGRAPHY, ETC. NOTE
Bibliography, etc. note Includes bibliography
650 ## - SUBJECT ADDED ENTRY--TOPICAL TERM
Topical term or geographic name entry element Nepali language
650 ## - SUBJECT ADDED ENTRY--TOPICAL TERM
Topical term or geographic name entry element Nepali grammar
700 ## - ADDED ENTRY--PERSONAL NAME
Personal name Rajbhandary< Narendra B.
942 ## - ADDED ENTRY ELEMENTS (KOHA)
Source of classification or shelving scheme Dewey Decimal Classification
Koha item type ISBN
Holdings
Withdrawn status Lost status Source of classification or shelving scheme Damaged status Not for loan Home library Current library Date acquired Total Checkouts Full call number Barcode Date last seen Price effective from Koha item type
    Dewey Decimal Classification     Tribhuvan University Central Library Tribhuvan University Central Library 03/13/2020   495.515/W344n IS15500 03/13/2020 03/13/2020 ISBN
    Dewey Decimal Classification     Tribhuvan University Central Library Tribhuvan University Central Library 03/13/2020   495.515/W344n IS15501 03/13/2020 03/13/2020 ISBN